La clase
Αποθηκεύτηκε σε:
| Κύριος συγγραφέας: | |
|---|---|
| Μορφή: | Βιβλίο |
| Γλώσσα: | Ισπανικά |
| Έκδοση: |
Ciudad de México
Fernández
1960
|
| Έκδοση: | 2a. ed |
| Σειρά: | Ensayos Pedagógicos, 1
|
| Θέματα: | |
| Ετικέτες: |
Προσθήκη ετικέτας
Δεν υπάρχουν, Καταχωρήστε ετικέτα πρώτοι!
|
MARC
| LEADER | 00000nam a2200000 a 4500 | ||
|---|---|---|---|
| 001 | UCZ9767 | ||
| 003 | CL-VaPUC | ||
| 008 | 960311e19600000MX |||||||||||||||||spa|d | ||
| 082 | 0 | 4 | |a 371.32 |b HER |2 21 |
| 100 | |a Hernández Ruiz, Santiago |e author |9 576883 | ||
| 245 | 1 | 3 | |a La clase |
| 250 | |a 2a. ed | ||
| 300 | |a 125 p | ||
| 942 | |c BK | ||
| 945 | |d 19960311 00:00:00 |a cmena | ||
| 260 | |a Ciudad de México |b Fernández |c 1960 | ||
| 650 | 7 | |a CLASES ESCOLARES |2 CL-VaPUC |9 307733 | |
| 650 | 0 | |a Métodos de enseñanza |9 270413 | |
| 650 | 0 | |a Psicología educacional |9 307830 | |
| 650 | 7 | |a TRABAJO DE CLASE |2 CL-VaPUC |9 337758 | |
| 650 | 0 | |a Agrupamiento educacional |9 351945 | |
| 583 | |a last modification |c 19960311 00:00:00 |k Rodrigo Vera | ||
| 490 | 0 | |a Ensayos Pedagógicos, 1 | |
| 999 | |c 244835 |d 244833 | ||
| 952 | |0 0 |1 0 |4 0 |6 371_320000000000000_HER_1960 |7 0 |8 P |9 259081 |a BIBEDU |b BIBEDU |c BIBEDU_PB |d 2019-11-19 |i 162959K |o 371.32 HER 1960 |p 162959K |r 2024-01-25 |w 2019-11-19 |y BK |k EDU | ||